000
00273 a2200121 4500
001
64553
082
_a
891.4391 MEE
090
_c
38181
_d
38181
100
_a
Dr Jamil Jalbai
245
_a
Kuliaat-e-Meera Ji
260
_a
Lahore
_b
Sang-e-Meel
_c
1996
300
_a
1248p.
942
_a
NUST-CAE
_k
891.4391 MEE
999
_c
299626
_d
299626